Change in organisations / (Record no. 129256)

MARC details
000 -LEADER
fixed length control field 00639nam a22002417a 4500
005 - DATE AND TIME OF LATEST TRANSACTION
control field 20170124110053.0
010 ## - LIBRARY OF CONGRESS CONTROL NUMBER
LC control number 600858
020 ## - INTERNATIONAL STANDARD BOOK NUMBER
Terms of availability 00.00
035 ## - SYSTEM CONTROL NUMBER
System control number 600858
037 ## - SOURCE OF ACQUISITION
Source of stock number/acquisition Cen Lib/Ret
040 ## - CATALOGING SOURCE
Original cataloging agency DPL
Language of cataloging EN
082 ## - DEWEY DECIMAL CLASSIFICATION NUMBER
Classification number 658
Item number CHO
100 ## - MAIN ENTRY--PERSONAL NAME
Personal name Chowdhry, Kamla
9 (RLIN) 25852
245 ## - TITLE STATEMENT
Title Change in organisations /
Statement of responsibility, etc by Kamla Choudhry
260 ## - PUBLICATION, DISTRIBUTION, ETC. (IMPRINT)
Place of publication, distribution, etc Bombay
Name of publisher, distributor, etc Lalvani publishing house
Date of publication, distribution, etc 1970
270 ## - ADDRESS
Address D.N. road
City Bombay
300 ## - PHYSICAL DESCRIPTION
Extent x,209p.
Dimensions 21cm(Hb)
500 ## - GENERAL NOTE
General note Includes index
650 ## - SUBJECT ADDED ENTRY--TOPICAL TERM
Topical term or geographic name as entry element Accounting
9 (RLIN) 10075
650 ## - SUBJECT ADDED ENTRY--TOPICAL TERM
Topical term or geographic name as entry element E-business
9 (RLIN) 25853
700 ## - ADDED ENTRY--PERSONAL NAME
9 (RLIN) 25846
942 ## - ADDED ENTRY ELEMENTS (KOHA)
Source of classification or shelving scheme Dewey Decimal Classification
Koha item type English Books
Classification part 658
Call number suffix CHO
Holdings
Withdrawn status Lost status Damaged status Not for loan Home library Current library Date acquired Source of acquisition Cost, normal purchase price Total Checkouts Full call number Barcode Date last seen Copy number Cost, replacement price Price effective from Koha item type Public note
Written off       Central Library Central Library 04/07/2015 Cen Lib/Ret 0.00   658 CHO 600858 04/07/2015 1 0.00 04/07/2015 English Books W/d List No. 6867/4 ; dtd 11/08/2020

© Delhi Public Library
Hit Counter
free hit counter